• 首页
  • 本馆介绍
  • 公告通知
  • 最新文献
  • 馆藏检索
  • 电子资源
  • 读者导购
  • 参考咨询
  • 我的图书馆
  • 登录
  • 详细信息显示
  • 放入我的书架
  • 预约/预借图书
  • 作者相关作品
  • 分类相关作品
  • 丛书相关作品
  • 出版社相关作品

书目信息

  • 表格格式
  • 工作单格式
  • 卡片格式
题名:
聚合物科学与工程导论
    
 
作者: 揣成智 主编
分册:  
出版信息: 北京   中国轻工业出版社  2016.8
页数: 233页
开本: 26cm
丛书名:
单 册:
中图分类: TQ31
科图分类:
主题词: 聚合物--化学工程--高等学校--教材 , 聚合物 , 化学工程
电子资源:
ISBN: 978-7-5019-7629-4
000 00915nam0 2200277 450
001 0400001254
005 20171015154514.0
010    @a978-7-5019-7629-4@dCNY32.00
100    @a20101015d2016 em y0chiy50 ea
101 0  @achi@aeng
102    @aCN@b110000
105    @aa z 000yy
106    @ar
200 1  @a聚合物科学与工程导论@9ju he wu ke xue yu gong cheng dao lun@d= Introduction to polymer science and engineering@e英汉双语@f揣成智主编@zeng
210    @a北京@c中国轻工业出版社@d2016.8
215    @a233页@c图@d26cm
300    @a高等学校专业教材 高分子材料与工程专业系列教材
320    @a有书目(第233页)
510 1  @aIntroduction to polymer science and engineering@zeng
606 0  @a聚合物@x化学工程@x高等学校@j教材
606 0  @a聚合物
606 0  @a化学工程
690    @aTQ31@v4
701  0 @a揣成智@9chuai cheng zhi@4主编
801  0 @aCN@b91MARC@c20171015
905    @b1020659-63@dTQ31@f5@e14
    
    聚合物科学与工程导论= Introduction to polymer science and engineering:英汉双语/揣成智主编.-北京:中国轻工业出版社,2016.8
    233页:图;26cm
    高等学校专业教材 高分子材料与工程专业系列教材
    
    ISBN 978-7-5019-7629-4:CNY32.00
    
●
相关链接 在E读中查询图书 在五车中查询图书 在当当中查询图书 在豆瓣中查询图书


正题名:聚合物科学与工程导论     索取号:TQ31/14         预约/预借

序号 登录号 条形码 馆藏地/架位号 状态 备注
1 1020659   210206597   第二样本阅览室/ [索取号:TQ31/14] 在馆    
2 1020660   210206604   密集书库-化学系/ [索取号:TQ31/14] 在馆    
3 1020661   210206613   第三借阅区/ [索取号:TQ31/14] 在馆    
4 1020662   210206622   第三借阅区/ [索取号:TQ31/14] 在馆    
5 1020663   210206631   第三借阅区/ [索取号:TQ31/14] 在馆    
唐山师范学院图书馆 欢迎您!
大连网信软件有限公司© 版权所有